Statistiken für Top 30 der beliebtesten Touristenziele Deutschlands

Klicken Sie hier um das Quiz zu spielen!

Allgemein

  • Dieses Quiz wurde 1.163 mal gespielt
  • Das Durchschnittsergebnis liegt bei 7 aus 30

Antwortstatistiken

BundeslandSehenswürdigkeit / Touristenattraktion% Korrekt
BerlinBrandenburger Tor
85%
BayernSchloss Neuschwanstein
75%
Nordrhein-WestfalenKölner Dom
61%
BerlinReichstag (Eierwärmer)
44%
Baden-WürttembergBodensee (Insel Mainau / Reichenau, Pfahlbauten, Meersburg)
38%
Baden-WürttembergNaturpark Schwarzwald
37%
SachsenDresdner Frauenkirche
34%
BerlinFernsehturm am Alexanderplatz (Telespargel)
34%
HamburgHafen / Fischmarkt
31%
Rheinland-PfalzRömische Baudenkmäler, Trier (Porta Nigra, Dom, Liebfrauenkirche)
31%
BayernZugspitze
31%
BerlinBerliner Mauer (Eastside Gallery)
29%
Baden-WürttembergAltstadt Heidelberg / Alte Brücke
24%
Mecklenburg-VorpommernInsel Rügen mit Kreidefelsen
24%
HamburgSpeicherstadt / Miniatur-Wunderland
20%
BrandenburgSchloss Sanssouci
18%
BayernMarienplatz, München (Altes und Neues Rathaus)
17%
Baden-WürttembergEuropa-Park, Rust
16%
BremenRathaus und Roland
16%
Rheinland-PfalzLoreley
12%
BerlinMuseumsinsel
12%
SachsenSächsische Schweiz mit Bastei und Festung Königstein
12%
BayernAltstadt Rothenburg ob der Tauber
9%
Baden-Württemberg / BayernRomantische Str. von Würzburg nach Füssen
9%
Baden-WürttembergSchloss Heidelberg
7%
BayernAltstadt Bamberg
6%
BayernBerchtesgaden (Kehlsteinhaus, Salzbergwerk, Nationalpark)
6%
BayernKönigssee
6%
BayernResidenz Würzburg
3%
BrandenburgTropical Islands
1%

Verteilung der Resultate

Perzentil nach korrekt beantworteten Fragen

Anzahl Personen mit jedem Resultat

Ihre Resultats-Entwicklung

Sie haben dieses Quiz noch nicht gespielt